[Event "St Petersburg-ch (Women)"]
[White "Shkalikova, Marina"]
[Black "Bodnaruk, Kseniya"]
[Site "St Petersburg"]
[Round "3"]
[Result "0-1"]
[Date "2019.03.13"]
[WhiteElo "1867"]
[BlackElo "1746"]
[PlyCount "82"]
[EventDate "2019.03.11"]
[EventType "swiss"]
[EventRounds "9"]
[EventCountry "RUS"]
[SourceTitle "CBM 189 Extra"]
[Source "ChessBase"]
[SourceDate "2019.05.31"]
[SourceVersion "1"]
[SourceVersionDate "2019.05.31"]
[SourceQuality "1"]

1. d4 d5 2. Bf4 Nf6 3. e3 e6 4. Nf3 Be7 5. Bd3 c5 6. c3 Nc6 7. 0-0 0-0 8. Ne5 Nd7 9. Nd2 f6 10. Qh5 f5 11. Nxd7 Bxd7 12. h3 Be8 13. Qe2 Bd6 14. Bxd6 Qxd6 15. Bb5 a6 16. Bxc6 Bxc6 17. Rfd1 Bb5 18. Qe1 e5 19. Nf3 cxd4 20. cxd4 e4 21. Ne5 f4 22. a4 Bd7 23. exf4 Rxf4 24. Qe3 Raf8 25. Rd2 Be6 26. Rc1 Qe7 27. Rc3 Qg5 28. Qg3 Rg4 29. Nxg4 Qxd2 30. Rc7 Bxg4 31. Qxg4 Qxf2+ 32. Kh2 Qf4+ 33. Qxf4 Rxf4 34. Kg3 g5 35. Rxb7 e3 36. Rb8+ Kf7 37. Rb7+ Ke6 38. Rb6+ Kd7 39. Rb7+ Ke6 40. Rb6+ Kf5 41. Kh2 Ke4 0-1

[Event "Nezhmetdinov Memorial 38th"]
[White "Smougalev, Gennady"]
[Black "Shkalikova, Marina"]
[Site "Kazan"]
[Round "7"]
[Result "1-0"]
[Date "2016.06.06"]
[WhiteElo "2161"]
[BlackElo "1823"]
[PlyCount "73"]
[EventDate "2016.05.31"]
[EventType "swiss"]
[EventRounds "9"]
[EventCountry "RUS"]
[SourceTitle "CBM 172 Extra"]
[Source "ChessBase"]
[SourceDate "2016.06.21"]
[SourceVersion "1"]
[SourceVersionDate "2016.06.21"]
[SourceQuality "1"]

1. d4 d5 2. c4 c6 3. Nf3 Nf6 4. e3 e6 5. Qc2 Nbd7 6. b3 Bd6 7. Bb2 0-0 8. Bd3 Re8 9. Ne5 dxc4 10. bxc4 c5 11. Nd2 b6 12. Ne4 Bxe5 13. dxe5 Nxe4 14. Bxe4 Rb8 15. Bxh7+ Kh8 16. Be4 b5 17. cxb5 Qa5+ 18. Bc3 Qxb5 19. Rb1 Qc4 20. Rxb8 Nxb8 21. Bd3 Qd5 22. 0-0 Bb7 23. f3 Nc6 24. Qe2 Rd8 25. Be4 Qd7 26. Rb1 Ba8 27. Qb5 Rc8 28. Qc4 Nb4 29. Bxa8 Rxa8 30. Bxb4 cxb4 31. Qxb4 Qd3 32. Re1 Rc8 33. Qd4 Qa3 34. Re2 Qc1+ 35. Kf2 Rc2 36. Qd8+ Kh7 37. Qd3+ 1-0

[Event "Nezhmetdinov Memorial 37th"]
[White "Shkalikova, Marina"]
[Black "Martynyuk, Elizaveta"]
[Site "Kazan"]
[Round "5"]
[Result "1-0"]
[Date "2015.06.04"]
[WhiteElo "1737"]
[BlackElo "2078"]
[PlyCount "41"]
[EventDate "2015.05.31"]
[EventType "swiss"]
[EventRounds "9"]
[EventCountry "RUS"]
[SourceTitle "CBM 166 Extra"]
[Source "ChessBase"]
[SourceDate "2015.06.18"]
[SourceVersion "1"]
[SourceVersionDate "2015.06.18"]
[SourceQuality "1"]

1. e4 c5 2. Nf3 Nc6 3. Nc3 g6 4. d4 cxd4 5. Nxd4 Bg7 6. Be3 Nf6 7. f3 Qb6 8. Nf5 Qxb2 9. Na4 Qe5 10. Nxg7+ Kf8 11. Bh6 Kg8 12. Rb1 Nxe4 13. Rb5 Qf6 14. Nh5 Qh4+ 15. g3 Nxg3 16. hxg3 Qxh1 17. Qe2 f5 18. Qc4+ e6 19. Qc3 Kf7 20. Qf6+ Ke8 21. Ng7# 1-0